[Event "71st RUS-ch Higher League 2018"]
[Site "Yaroslavl"]
[Date "2018.06.27"]
[Round "2"]
[White "Esipenko, Andrey"]
[Black "Oganian, Miran"]
[Result "1/2-1/2"]
[WhiteElo "2599"]
[BlackElo "2432"]
[Annotator "ChessBase"]
[PlyCount "81"]
[EventDate "2018.06.26"]
[EventType "swiss"]
[EventCountry "RUS"]
[SourceTitle "playchess.com"]
[Source "ChessBase"]
[SourceQuality "1"]
[TimeControl "40/5400+30:1800+30"]

1. d4 {[%emt 0:00:00]} Nf6 {[%emt 0:00:17]} 2. c4 {[%emt 0:03:43]} e6 {[%emt 0:00:33]} 3. Nf3 {[%emt 0:00:08]} d5 {[%emt 0:01:02]} 4. Nc3 {[%emt 0:00:07]} dxc4 {[%emt 0:01:02]} 5. e4 {[%emt 0:01:31]} Bb4 {[%emt 0:00:14]} 6. Bxc4 {[%emt 0:01:02]} Nxe4 {[%emt 0:00:28]} 7. O-O {[%emt 0:00:09]} Nxc3 {[%emt 0:00:08]} 8. bxc3 {[%emt 0:00:05]} Be7 {[%emt 0:00:08]} 9. Ne5 {[%emt 0:00:44]} O-O {[%emt 0:00:32]} 10. Qg4 {[%emt 0:00:03]} Nc6 {[%emt 0:00:54]} 11. Re1 {[%emt 0:00:29]} f5 {[%emt 0:02:41]} 12. Qf3 {[%emt 0:00:09]} Nxe5 {[%emt 0:00:36]} 13. Rxe5 {[%emt 0:00:06]} Kh8 {[%emt 0:00:39]} 14. Bf4 {[%emt 0:05:57]} Bd6 {[%emt 0:01:20]} 15. Re3 {[%emt 0:00:05]} Bxf4 {[%emt 0:00:13]} 16. Qxf4 {[%emt 0:00:03]} Rf6 {[%emt 0:00:37]} 17. Rae1 {[%emt 0:02:51]} Qd6 {[%emt 0:00:11]} 18. Qxd6 {[%emt 0:00:07]} cxd6 {[%emt 0:00:05]} 19. f4 {[%emt 0:00:02]} Bd7 {[%emt 0:01:00]} 20. Bxe6 {[%emt 0:00:36]} Bxe6 {[%emt 0:00:17]} 21. Rxe6 {[%emt 0:00:06]} Rxe6 {[%emt 0:00:04]} 22. Rxe6 {[%emt 0:00:06]} Rc8 {[%emt 0:00:19]} 23. Rxd6 {[%emt 0:02:17]} Kg8 {[%emt 0:01:26]} 24. Rd7 {[%emt 0:07:44]} Rxc3 {[%emt 0:03:29]} 25. Rxb7 {[%emt 0:00:25]} Ra3 {[%emt 1:15:52]} 26. d5 {[%emt 0:02:10]} Rxa2 {[%emt 0:03:50]} 27. d6 {[%emt 0:00:11]} Rd2 {[%emt 0:00:17]} 28. d7 {[%emt 0:00:11]} Kf8 {[%emt 0:00:11]} 29. Rxa7 {[%emt 0:00:08]} g6 {[%emt 0:01:13]} 30. h4 {[%emt 0:08:01]} Ke7 {[%emt 0:02:30]} 31. d8=Q+ {[%emt 0:00:16]} Kxd8 {[%emt 0:00:05]} 32. Rxh7 {[%emt 0:00:09]} Rd4 {[%emt 0:02:11]} 33. g3 {[%emt 0:01:25]} Ke8 {[%emt 0:00:11]} 34. Ra7 {[%emt 0:04:00]} Rd2 {[%emt 0:01:24]} 35. Kf1 {[%emt 0:14:36]} Rb2 {[%emt 0:01:02]} 36. h5 {[%emt 0:02:11]} gxh5 {[%emt 0:00:05]} 37. Rh7 {[%emt 0:00:06]} h4 {[%emt 0:00:47]} 38. Rxh4 {[%emt 0:00:05]} Kf7 {[%emt 0:00:13]} 39. Rh6 {[%emt 0:00:09]} Ra2 {[%emt 0:00:51]} 40. Rb6 {[%emt 0:00:00]} Rc2 {[%emt 0:00:18]} 41. Kg1 {[%emt 0:00:29]} 1/2-1/2

[Event "71st RUS-ch Higher League 2018"]
[Site "Yaroslavl"]
[Date "2018.06.27"]
[Round "2"]
[White "Pridorozhni, Aleksei"]
[Black "Tekeyev, Zaur"]
[Result "1-0"]
[WhiteElo "2589"]
[BlackElo "2407"]
[Annotator "ChessBase"]
[PlyCount "121"]
[EventDate "2018.06.26"]
[EventType "swiss"]
[EventCountry "RUS"]
[SourceTitle "playchess.com"]
[Source "ChessBase"]
[SourceQuality "1"]
[TimeControl "40/5400+30:1800+30"]

1. e4 {[%emt 0:00:13]} c5 {[%emt 0:00:08]} 2. Nc3 {[%emt 0:00:11]} Nc6 {[%emt 0:00:13]} 3. Bb5 {[%emt 0:00:11]} Nd4 {[%emt 0:00:11]} 4. Bc4 {[%emt 0:00:07]} a6 {[%emt 0:00:13]} 5. d3 {[%emt 0:00:58]} e6 {[%emt 0:07:37]} 6. Nf3 {[%emt 0:01:30]} b5 {[%emt 0:00:31]} 7. Bb3 {[%emt 0:00:05]} Nxb3 {[%emt 0:01:03]} 8. axb3 {[%emt 0:00:06]} Bb7 {[%emt 0:00:13]} 9. O-O {[%emt 0:03:08]} Nf6 {[%emt 0:17:02]} 10. e5 {[%emt 0:08:02]} Nd5 {[%emt 0:00:23]} 11. Ne4 {[%emt 0:03:19]} Be7 {[%emt 0:02:07]} 12. c4 {[%emt 0:35:22]} Nb4 {[%emt 0:04:33]} 13. Be3 {[%emt 0:00:42]} Bxe4 {[%emt 0:36:51]} 14. dxe4 {[%emt 0:00:12]} bxc4 {[%emt 0:00:22]} 15. bxc4 {[%emt 0:00:40]} Qc7 {[%emt 0:02:29]} 16. Bd2 {[%emt 0:08:21]} Nc6 {[%emt 0:03:16]} 17. Bc3 {[%emt 0:00:56]} O-O {[%emt 0:01:19]} 18. Qe2 {[%emt 0:00:43]} Rfd8 {[%emt 0:04:33]} 19. Rfd1 {[%emt 0:00:54]} h6 {[%emt 0:00:59]} 20. h4 {[%emt 0:02:22]} d6 {[%emt 0:02:34]} 21. exd6 {[%emt 0:00:15]} Rxd6 {[%emt 0:01:29]} 22. Rxd6 {[%emt 0:00:35]} Bxd6 {[%emt 0:01:41]} 23. e5 {[%emt 0:00:09]} Bf8 {[%emt 0:00:21]} 24. Qe4 {[%emt 0:00:10]} Qd7 {[%emt 0:01:05]} 25. g4 {[%emt 0:00:30]} g6 {[%emt 0:01:56]} 26. Kg2 {[%emt 0:04:45]} a5 {[%emt 0:00:22]} 27. Nd2 {[%emt 0:12:03]} a4 {[%emt 0:02:43]} 28. h5 {[%emt 0:01:37]} g5 {[%emt 0:04:44]} 29. f4 {[%emt 0:00:43]} gxf4 {[%emt 0:01:16]} 30. Qxf4 {[%emt 0:00:11]} Qd3 {[%emt 0:00:49]} 31. Qf3 {[%emt 0:04:40]} Qxf3+ {[%emt 0:00:51]} 32. Kxf3 {[%emt 0:00:06]} Ra7 {[%emt 0:01:45]} 33. Ne4 {[%emt 0:00:40]} Be7 {[%emt 0:00:05]} 34. Kf4 {[%emt 0:00:10]} Kg7 {[%emt 0:00:22]} 35. Ra3 {[%emt 0:02:37]} Kh7 {[%emt 0:01:20]} 36. Be1 {[%emt 0:03:51]} Rb7 {[%emt 0:00:31]} 37. Bc3 {[%emt 0:05:37]} Ra7 {[%emt 0:00:01]} 38. Ra1 {[%emt 0:00:24]} Kg7 {[%emt 0:00:32]} 39. Ke3 {[%emt 0:00:38]} Kf8 {[%emt 0:00:52]} 40. Nd6 {[%emt 0:00:00]} Bg5+ {[%emt 0:00:35]} 41. Ke4 {[%emt 0:07:41]} Ra6 {[%emt 0:02:40]} 42. Rf1 {[%emt 0:05:42]} Ra7 {[%emt 0:17:09]} 43. Ra1 {[%emt 0:03:45]} Ra6 {[%emt 0:01:08]} 44. Nb5 {[%emt 0:00:13]} Nb8 {[%emt 0:00:28]} 45. Be1 {[%emt 0:00:16]} Nd7 {[%emt 0:04:29]} 46. Bf2 {[%emt 0:03:25]} Be7 {[%emt 0:00:07]} 47. Be3 {[%emt 0:01:37]} Kg7 {[%emt 0:01:00]} 48. b3 {[%emt 0:00:42]} Nb6 {[%emt 0:00:42]} 49. Nc3 {[%emt 0:00:08]} f6 {[%emt 0:02:47]} 50. Nxa4 {[%emt 0:01:04]} fxe5 {[%emt 0:00:16]} 51. Kf3 {[%emt 0:06:08]} Ra8 {[%emt 0:01:25]} 52. Ra2 {[%emt 0:00:39]} Ra7 {[%emt 0:01:42]} 53. Nc3 {[%emt 0:00:29]} Rb7 {[%emt 0:00:51]} 54. Ra6 {[%emt 0:01:01]} Bf8 {[%emt 0:00:31]} 55. Ke2 {[%emt 0:00:55]} Kf7 {[%emt 0:00:24]} 56. Ne4 {[%emt 0:00:31]} Nd7 {[%emt 0:00:28]} 57. Bxh6 {[%emt 0:00:50]} Rxb3 {[%emt 0:00:58]} 58. Ng5+ {[%emt 0:00:10]} Kg8 {[%emt 0:00:30]} 59. Ra8 {[%emt 0:00:17]} Rg3 {[%emt 0:01:18]} 60. Bxf8 {[%emt 0:00:30]} Nxf8 {[%emt 0:00:05]} 61. h6 {[%emt 0:00:24]} 1-0

[Event "71st RUS-ch Higher League 2018"]
[Site "Yaroslavl"]
[Date "2018.06.27"]
[Round "2"]
[White "Oparin, Grigoriy"]
[Black "Paravyan, David"]
[Result "1-0"]
[WhiteElo "2587"]
[BlackElo "2634"]
[Annotator "TA"]
[PlyCount "103"]
[EventDate "2018.06.26"]
[EventType "swiss"]
[EventCountry "RUS"]
[SourceTitle "playchess.com"]
[Source "ChessBase"]
[SourceQuality "1"]

{[%evp 25,103,18,17,18,21,10,23,21,10,21,19,4,43,36,49,34,41,0,0,0,0,0,1,8,7,0,0,-84,-76,-86,-88,-97,-94,-136,-12,-12,-11,-27,0,-6,0,0,0,0,0,0,0,0,0,0,0,0,31,31,31,0,259,250,318,321,514,510,505,514,505,505,5128,5204,5097,4134,5393,5081,4421,2000,1502,1386,12841,12847,12845,11264]} 1. Nf3 d5 2. c4 e6 3. g3 Nf6 4. Bg2 Be7 5. O-O O-O 6. b3 d4 7. e3 c5 {[%cal Bc7c5,Bc5d4][%mdl 32]} 8. Bb2 Nc6 9. exd4 cxd4 10. Re1 Re8 11. d3 Bf8 {A14: Reti-Eröffnung} (11... Bc5 12. Ba3 Nd7 13. Nfd2 Nb4 14. Ne4 a5 15. f4 Be7 16. Bb2 Nc6 17. a3 b6 18. Nd6 Bxd6 19. Bxc6 {½-½ (54) Robson,R (2668)-So,W (2822) Saint Louis 2017}) 12. Ne5 Nxe5 13. Rxe5 Bd6 {LiveBook: 8 Partien. Die Stellung ist ausgeglichen.} 14. Bxd4 Bc7 15. Bb2 Bxe5 16. Bxe5 Nd7 {[%cal Bf6d7,Bd7b8,Bb8a6,Ba6b4][%mdl 32] [#]} 17. Bb2 $146 ({Vorgänger:} 17. Bc3 e5 18. Na3 Nf6 19. Qe1 Bg4 20. Bxb7 {1-0 (74) Jones,G (2647)-Boros,D (2447) Atlantic City 2016}) 17... e5 18. Na3 Nb8 19. c5 Na6 20. d4 exd4 21. Qxd4 (21. Bxd4 {feels hotter.} Qe7 22. Qh5 Nb4 23. Rd1 Rd8 24. Nc4) 21... Qxd4 22. Bxd4 Rd8 23. Be3 Nb4 24. Bf4 a5 25. Nc4 {Schwarz muss nun Sb6 beachten.} a4 26. Nb6 (26. Rf1 $11 {bleibt in der Remisbreite.}) 26... axb3 $1 $17 27. Nxa8 b2 28. Rf1 Bf5 29. Bxb7 {[#] Und c6 würde nun gewinnen.} b1=Q (29... Nd3 $1 $17 30. c6 Re8) 30. Rxb1 $11 Bxb1 31. a4 Rd1+ 32. Kg2 Rd4 33. f3 {Sb6 ist eine echte Drohung.} Rc4 $1 34. Bd6 Bf5 35. g4 Bd7 36. a5 $1 Bc6 37. a6 Rxg4+ 38. Kf2 Rc4 39. Nb6 Rc2+ $1 40. Kg3 {Droht Sc8 und aus.} Rc3 $2 {[%mdl 8192] [#]} (40... Kh8 $11 {und Schwarz ist OK.}) 41. Nc8 $1 $18 {[%cal Rc8e7] Und weiter mit Se7+ wäre nett.} Rxf3+ 42. Kh4 g5+ $2 (42... Nxa6 43. Ne7+ (43. Bxc6 Rc3 $16) (43. Bxa6 g5+ 44. Kg4 Ra3 $18) 43... Kh8 44. Nxc6 Nxc5) 43. Kxg5 {Weiß steht klar auf Gewinn.} f6+ 44. Kh4 Kf7 45. Ne7 Bxb7 (45... Nxa6 $142 46. Nxc6 (46. Bxa6 $2 Bd7 $19) 46... Ra3) 46. axb7 {[%mdl 4096] Endspiel KTS-KLS} Na6 47. c6 Rb3 48. Nd5 ({Schlechter ist} 48. c7 Nxc7 49. Bxc7 Rxb7 $11) 48... Ke6 {[#]} 49. b8=Q $1 {[%mdl 512]} Nxb8 50. c7 Kxd5 51. cxb8=Q Rxb8 52. Bxb8 {Precision: Weiß = 80%, Schwarz = 68%.} 1-0

[Event "71st RUS-ch Higher League 2018"]
[Site "Yaroslavl"]
[Date "2018.06.27"]
[Round "2"]
[White "Timofeev, Artyom"]
[Black "Rodin, Dmitrij"]
[Result "1-0"]
[WhiteElo "2583"]
[BlackElo "2402"]
[Annotator "ChessBase"]
[PlyCount "95"]
[EventDate "2018.06.26"]
[EventType "swiss"]
[EventCountry "RUS"]
[SourceTitle "playchess.com"]
[Source "ChessBase"]
[SourceQuality "1"]
[TimeControl "40/5400+30:1800+30"]

1. d4 {[%emt 0:00:00]} Nf6 {[%emt 0:00:05]} 2. Bg5 {[%emt 0:00:00]} d5 {[%emt 0:10:08]} 3. e3 {[%emt 0:03:58]} e6 {[%emt 0:02:24]} 4. c4 {[%emt 0:04:24]} Be7 {[%emt 0:05:04]} 5. Nc3 {[%emt 0:01:55]} O-O {[%emt 0:00:28]} 6. Rc1 {[%emt 0:02:10]} Nbd7 {[%emt 0:09:16]} 7. cxd5 {[%emt 0:07:09]} exd5 {[%emt 0:01:36]} 8. Bd3 {[%emt 0:00:08]} c6 {[%emt 0:02:27]} 9. Nge2 {[%emt 0:03:41]} Re8 {[%emt 0:01:48]} 10. O-O {[%emt 0:03:57]} Ne4 {[%emt 0:10:54]} 11. Bf4 {[%emt 0:02:39]} Ndf6 {[%emt 0:01:24]} 12. f3 {[%emt 0:01:09]} Nxc3 {[%emt 0:01:23]} 13. bxc3 {[%emt 0:00:06]} Nh5 {[%emt 0:17:14]} 14. Qc2 {[%emt 0:00:50]} g6 {[%emt 0:01:21]} 15. Bh6 {[%emt 0:04:09]} Bg5 {[%emt 0:11:23]} 16. Bxg5 {[%emt 0:00:26]} Qxg5 {[%emt 0:00:02]} 17. e4 {[%emt 0:00:23]} Bd7 {[%emt 0:08:55]} 18. f4 {[%emt 0:02:06]} Qe7 {[%emt 0:00:53]} 19. e5 {[%emt 0:00:10]} Ng7 {[%emt 0:01:23]} 20. h3 {[%emt 0:03:59]} c5 {[%emt 0:02:46]} 21. Qd2 {[%emt 0:02:06]} Rac8 {[%emt 0:01:02]} 22. Rce1 {[%emt 0:00:16]} cxd4 {[%emt 0:03:24]} 23. cxd4 {[%emt 0:00:05]} a6 {[%emt 0:04:01]} 24. Ng3 {[%emt 0:01:44]} Qa3 {[%emt 0:01:31]} 25. Rf3 {[%emt 0:02:47]} Qc3 {[%emt 0:00:36]} 26. Qf2 {[%emt 0:00:07]} Ne6 {[%emt 0:00:58]} 27. Bxg6 {[%emt 0:09:58]} Qxd4 {[%emt 0:00:17]} 28. Bb1 {[%emt 0:00:07]} Qxf2+ {[%emt 0:00:26]} 29. Kxf2 {[%emt 0:00:34]} Ng7 {[%emt 0:00:44]} 30. f5 {[%emt 0:00:08]} f6 {[%emt 0:00:18]} 31. e6 {[%emt 0:00:06]} Bb5 {[%emt 0:00:48]} 32. Ne2 {[%emt 0:00:53]} Bxe2 {[%emt 0:00:33]} 33. Rxe2 {[%emt 0:00:05]} Kf8 {[%emt 0:00:14]} 34. Rd2 {[%emt 0:03:39]} Red8 {[%emt 0:00:38]} 35. Rb3 {[%emt 0:03:53]} Rc7 {[%emt 0:00:22]} 36. Be4 {[%emt 0:01:15]} Ke7 {[%emt 0:00:31]} 37. Rxd5 {[%emt 0:01:22]} Rxd5 {[%emt 0:00:05]} 38. Bxd5 {[%emt 0:00:04]} Nxf5 {[%emt 0:00:26]} 39. Rxb7 {[%emt 0:00:14]} Rxb7 {[%emt 0:00:28]} 40. Bxb7 {[%emt 0:00:00]} a5 {[%emt 0:01:18]} 41. Be4 {[%emt 0:00:28]} Kxe6 {[%emt 0:12:12]} 42. g4 {[%emt 0:00:54]} Nd6 {[%emt 0:00:09]} 43. Bxh7 {[%emt 0:00:07]} Ke5 {[%emt 0:00:04]} 44. Kf3 {[%emt 0:02:01]} Nb5 {[%emt 0:01:11]} 45. h4 {[%emt 0:02:26]} f5 {[%emt 0:02:16]} 46. Bxf5 {[%emt 0:02:22]} Nc3 {[%emt 0:00:54]} 47. a3 {[%emt 0:00:51]} a4 {[%emt 0:00:18]} 48. Bd3 {[%emt 0:02:18]} 1-0

[Event "71st RUS-ch Higher League 2018"]
[Site "Yaroslavl"]
[Date "2018.06.27"]
[Round "2"]
[White "Sakaev, Konstantin"]
[Black "Lysyj, Igor"]
[Result "1/2-1/2"]
[WhiteElo "2580"]
[BlackElo "2630"]
[Annotator "TA"]
[PlyCount "40"]
[EventDate "2018.06.26"]
[EventType "swiss"]
[EventCountry "RUS"]
[SourceTitle "playchess.com"]
[Source "ChessBase"]
[SourceQuality "1"]

{[%evp 18,40,16,14,15,14,15,22,14,10,20,15,33,24,29,17,17,1,19,0,26,0,16,0,33]} 1. d4 d5 2. c4 dxc4 3. Nf3 Nf6 4. e3 e6 5. Bxc4 c5 6. O-O Nc6 7. Nc3 a6 8. dxc5 Qxd1 9. Rxd1 Bxc5 10. Bd2 {LiveBook: 4 Partien. D27: Angenommenes Damengambit (Hauptvariante 7.e4, 7.a4)} O-O 11. Rac1 Bd7 12. Be2 Ba7 13. Ng5 Rfd8 14. Nce4 Nxe4 15. Nxe4 Be8 {[#]} 16. Kf1 $146 ({Vorgänger:} 16. Be1 Rxd1 17. Bxd1 Ne5 {½-½ (38) Jakovenko,D (2710)-Giri,A (2762) Antalya 2017}) 16... Rd5 17. Bc4 Rdd8 18. Be2 Rd5 19. Bc4 Rdd8 20. Be2 Rd5 {Precision: Weiß = 45%, Schwarz = 83%.} 1/2-1/2

[Event "71st RUS-ch Higher League 2018"]
[Site "Yaroslavl"]
[Date "2018.06.27"]
[Round "2"]
[White "Sarana, Alexey"]
[Black "Dreev, Aleksey"]
[Result "1-0"]
[WhiteElo "2573"]
[BlackElo "2657"]
[Annotator "RC"]
[PlyCount "59"]
[EventDate "2018.06.26"]
[EventType "swiss"]
[EventCountry "RUS"]
[SourceTitle "playchess.com"]
[Source "ChessBase"]
[SourceQuality "1"]
[TimeControl "40/5400+30:1800+30"]

1. d4 {[%emt 0:00:00]} d5 {[%emt 0:00:49]} 2. Nf3 {[%emt 0:00:00]} Nf6 {[%emt 0:00:07]} 3. c4 {[%emt 0:00:00]} c6 {[%emt 0:00:16]} 4. Nc3 {[%emt 0:00:00]} e6 {[%emt 0:00:03]} 5. g3 {[%emt 0:00:05]} dxc4 {[%emt 0:02:54]} 6. Bg2 {[%emt 0:00:21]} Nbd7 {[%emt 0:00:53]} 7. O-O {[%emt 0:00:30]} Be7 {[%emt 0:00:30]} 8. a4 {[%emt 0:00:12]} O-O {[%emt 0:00:17]} 9. e4 {[%emt 0:00:21]} e5 {[%emt 0:03:53]} 10. dxe5 {[%emt 0:00:23]} Ng4 {[%emt 0:00:06]} 11. Bf4 {[%emt 0:00:08]} Qa5 {[%emt 0:01:18]} 12. e6 {[%emt 0:00:18]} fxe6 {[%emt 0:00:57]} 13. Bh3 {[%emt 0:00:08]} Nde5 {[%emt 0:07:05]} 14. Bxg4 {[%emt 0:00:27]} Nxg4 {[%emt 0:00:08]} 15. e5 {[%emt 0:00:03]} Qd8 {[%emt 0:08:27]} 16. Nd2 {[%emt 0:00:22]} h5 {[%emt 0:10:49]} 17. h3 {[%emt 0:00:14]} g5 {[%emt 0:01:06]} 18. hxg4 {[%emt 0:00:05]} gxf4 {[%emt 0:00:03]} 19. gxh5 {[%emt 0:00:22]} fxg3 {[%emt 0:23:06]} 20. Nde4 {[%emt 0:07:52]} gxf2+ {[%emt 0:14:37]} 21. Rxf2 {[%emt 0:00:07]} Rxf2 {[%emt 0:03:51]} 22. Qxd8+ {[%emt 0:27:14]} Bxd8 {[%emt 0:00:02]} 23. Kxf2 {[%emt 0:00:10]} Bc7 {[%emt 0:09:02]} 24. Rg1+ {[%emt 0:04:04]} Kf7 {[%emt 0:08:19]} 25. Rg5 {[%emt 0:02:10]} Bd7 {[%emt 0:01:38]} 26. h6 {[%emt 0:00:07]} Bxe5 {[%emt 0:02:01]} 27. Rxe5 {[%emt 0:00:02]} Rh8 {[%emt 0:00:59]} 28. Nd6+ {[%emt 0:02:35]} Ke7 {[%emt 0:00:41]} 29. Nce4 {[%emt 0:00:12]} Rxh6 {[%emt 0:00:23]} 30. Nf5+ {[%emt 0:00:09]} 1-0

[Event "71st RUS-ch Higher League 2018"]
[Site "Yaroslavl"]
[Date "2018.06.27"]
[Round "2"]
[White "Moskalenko, Alexander"]
[Black "Sek, Konstantin"]
[Result "1/2-1/2"]
[WhiteElo "2558"]
[BlackElo "2476"]
[Annotator "RC"]
[PlyCount "80"]
[EventDate "2018.06.26"]
[EventType "swiss"]
[EventCountry "RUS"]
[SourceTitle "playchess.com"]
[Source "ChessBase"]
[SourceQuality "1"]
[TimeControl "40/5400+30:1800+30"]

1. e4 {[%emt 0:06:21]} e5 {[%emt 0:00:09]} 2. Nf3 {[%emt 0:00:14]} Nc6 {[%emt 0:00:06]} 3. Bb5 {[%emt 0:00:41]} a6 {[%emt 0:00:05]} 4. Ba4 {[%emt 0:01:06]} Nf6 {[%emt 0:00:06]} 5. O-O {[%emt 0:00:11]} b5 {[%emt 0:00:52]} 6. Bb3 {[%emt 0:00:05]} Be7 {[%emt 0:00:04]} 7. d3 {[%emt 0:00:30]} O-O {[%emt 0:00:06]} 8. Nc3 {[%emt 0:16:34]} d6 {[%emt 0:01:17]} 9. a3 {[%emt 0:00:09]} Nb8 {[%emt 0:17:07]} 10. a4 {[%emt 0:06:45]} b4 {[%emt 0:01:24]} 11. Nd5 {[%emt 0:00:08]} Nxd5 {[%emt 0:00:25]} 12. Bxd5 {[%emt 0:00:06]} c6 {[%emt 0:00:32]} 13. Bb3 {[%emt 0:05:55]} Bg4 {[%emt 0:02:20]} 14. h3 {[%emt 0:00:29]} Bh5 {[%emt 0:00:06]} 15. a5 {[%emt 0:08:21]} Nd7 {[%emt 0:00:40]} 16. Bd2 {[%emt 0:00:12]} Nc5 {[%emt 0:04:51]} 17. Bxb4 {[%emt 0:02:26]} Nxb3 {[%emt 0:01:28]} 18. cxb3 {[%emt 0:00:05]} Rb8 {[%emt 0:03:02]} 19. Bc3 {[%emt 0:02:35]} Bxf3 {[%emt 0:05:37]} 20. Qxf3 {[%emt 0:00:32]} Rxb3 {[%emt 0:00:26]} 21. Qd1 {[%emt 0:08:05]} Qb8 {[%emt 0:03:47]} 22. f4 {[%emt 0:12:32]} exf4 {[%emt 0:14:50]} 23. Rxf4 {[%emt 0:04:09]} d5 {[%emt 0:02:12]} 24. Rf1 {[%emt 0:10:42]} dxe4 {[%emt 0:20:57]} 25. Qg4 {[%emt 0:01:03]} Rxc3 {[%emt 0:07:00]} 26. bxc3 {[%emt 0:00:05]} exd3 {[%emt 0:00:11]} 27. Rad1 {[%emt 0:06:04]} Qb5 {[%emt 0:02:57]} 28. Qf5 {[%emt 0:04:36]} Qxf5 {[%emt 0:04:44]} 29. Rxf5 {[%emt 0:00:03]} Rd8 {[%emt 0:00:09]} 30. Rd2 {[%emt 0:01:07]} g6 {[%emt 0:04:22]} 31. Rf3 {[%emt 0:00:00]} Rd5 {[%emt 0:00:00]} 32. Rdxd3 {[%emt 0:00:40]} Rxa5 {[%emt 0:00:00]} 33. Rd7 {[%emt 0:00:38]} Re5 {[%emt 0:01:40]} 34. Kf1 {[%emt 0:00:56]} Re6 {[%emt 0:02:45]} 35. Ra7 {[%emt 0:00:18]} c5 {[%emt 0:00:08]} 36. c4 {[%emt 0:02:25]} Re4 {[%emt 0:01:15]} 37. Rc3 {[%emt 0:00:58]} Bf6 {[%emt 0:00:27]} 38. Rc2 {[%emt 0:00:36]} Bh4 {[%emt 0:00:32]} 39. Rc1 {[%emt 0:00:00]} Bg5 {[%emt 0:00:00]} 40. Rc2 {[%emt 0:00:00]} Bh4 {[%emt 0:01:19]} 1/2-1/2

[Event "71st RUS-ch Higher League 2018"]
[Site "Yaroslavl"]
[Date "2018.06.27"]
[Round "2"]
[White "Lomasov, Semen"]
[Black "Inarkiev, Ernesto"]
[Result "0-1"]
[WhiteElo "2549"]
[BlackElo "2684"]
[Annotator "TA"]
[PlyCount "112"]
[EventDate "2018.06.26"]
[EventType "swiss"]
[EventCountry "RUS"]
[SourceTitle "playchess.com"]
[Source "ChessBase"]
[SourceQuality "1"]

{[%evp 27,112,25,22,0,0,0,0,0,0,0,22,8,15,0,6,1,2,6,17,20,11,9,8,0,7,4,19,10,44,4,8,0,2,0,10,-24,-27,-33,-8,-8,-8,-4,-8,-3,-3,-6,-5,-76,-62,-81,-68,-80,-77,-83,-66,-60,-77,-150,-148,-145,-87,-91,-24,-25,-28,-26,-28,-100,-23,-24,-25,-32,0,0,0,0,0,0,0,-12,-8,-408,-380,-4940,-4940,-4622,-4614]} 1. e4 e5 2. Nf3 Nc6 3. d4 exd4 4. Nxd4 Nf6 5. Nc3 Bb4 6. Nxc6 bxc6 7. Bd3 d5 8. exd5 cxd5 9. O-O O-O 10. h3 {C47: Scotch Four Knights and Four Knights with 4 g3} (10. Bg5 c6 11. Na4 h6 12. Bh4 Re8 13. c4 dxc4 14. Bxc4 Qxd1 15. Rfxd1 g5 16. Bg3 Ne4 17. a3 Bf8 18. Rac1 Nxg3 19. hxg3 Rb8 20. b4 Bf5 21. Bd3 Bxd3 22. Rxd3 {½-½ (36) Artemiev,V (2691)-Carlsen,M (2837) Riadh 2017}) 10... c6 11. Qf3 Rb8 12. Bf4 Bd6 13. b3 Qc7 14. Bxd6 Qxd6 {LiveBook: 9 Games} 15. Qg3 {[#]} Qxg3 $146 ({Predecessor:} 15... Rd8 16. Na4 Be6 17. Qxd6 Rxd6 {½-½ (32) Potapov,P (2485)-Khismatullin,D (2609) Sochi 2016}) 16. fxg3 Be6 17. Na4 Nd7 18. g4 c5 19. Rad1 Rfc8 20. Ba6 Rc7 21. Nc3 Nb6 22. Ne2 Rd8 23. Nf4 Rd6 24. Be2 a5 {[%cal Ba7a5,Ba5a4][%mdl 32]} 25. Bf3 g6 26. Rfe1 a4 27. Re5 Nd7 28. Re2 {[%cal Rf4d5]} (28. Nxd5 $2 Nxe5 29. Nf6+ Kf8 $19) (28. Rexd5 $5 Bxd5 29. Nxd5 $16) 28... d4 29. Rde1 {[%cal Rf4e6]} Nf8 30. g5 c4 {[%cal Rc4b3]} 31. bxa4 Ra7 32. Rd2 Rxa4 33. Ne2 d3 34. Nc3 Ra5 35. Ne4 Rd4 36. cxd3 cxd3 37. Red1 (37. Kf2 $11) 37... Bc4 $17 38. Kf2 Ne6 (38... Rxa2 $6 39. Ke3 $11) 39. h4 Kg7 (39... Rxa2 $6 40. Rxa2 Bxa2 41. Ra1 $11) 40. g3 h6 ({Much worse is} 40... Rxa2 $6 41. Rxa2 Bxa2 42. Ke3 $11) 41. gxh6+ Kxh6 42. Re1 ({White should try} 42. Rc1) 42... Rf5 ({Don't take} 42... Rxa2 43. Rxa2 Bxa2 44. Ke3 $17) ({Reject} 42... Bxa2 43. Ra1 $11) 43. Nc3 {[#]} g5 (43... Ba6 $142 $1 {aiming for ...Bb7.} 44. Kg2 Rc5) 44. Ke3 gxh4 (44... Re5+ $17 45. Kf2 Rxe1 46. Kxe1 gxh4 47. gxh4 Rxh4) 45. Rh1 $11 Re5+ 46. Kf2 Kg5 {And now ...hxg3+ would win.} 47. gxh4+ (47. Rxh4 $1 $11 {remains equal.} Rxh4 48. gxh4+ Kxh4 49. Rb2) 47... Rxh4 (47... Kf6 $17 48. Nd1 Nc5) 48. Rxh4 Kxh4 49. Rb2 Nd4 {Threatens to win with ...Rf5.} 50. Rb4 Rf5 $1 {[%cal Rf5f3]} 51. Rxc4 Rxf3+ {KRN-KRN} 52. Ke1 Rf4 {White must now prevent ...Nf3+.} 53. Kd1 Kg3 {...Ne2 is the strong threat.} 54. a4 $2 {[%mdl 8192]} (54. Rc5 $1 $11) 54... f5 55. Rb4 $2 (55. Rc8 Nb3 56. Re8) 55... Ne2 $1 $19 {[%cal Re2c3]} 56. Na2 {[#]} Nc3+ $1 {[%mdl 512] Precision: White = 46%, Black = 61%.} 0-1